Citizen's media monitor a report on the campaign and elections coverage in the Philippines, 2004. (Record no. 16998)
[ view plain ]
| 000 -LEADER | |
|---|---|
| fixed length control field | 01395cam a2200385 a 4500 |
| 001 - CONTROL NUMBER | |
| control field | 13979771 |
| 003 - CONTROL NUMBER IDENTIFIER | |
| control field | OSt |
| 005 - DATE AND TIME OF LATEST TRANSACTION | |
| control field | 20140310182852.0 |
| 008 - FIXED-LENGTH DATA ELEMENTS--GENERAL INFORMATION | |
| fixed length control field | 050428s2004 ph a 000 0 eng |
| 010 ## - LIBRARY OF CONGRESS CONTROL NUMBER | |
| LC control number | 2004420788 |
| 020 ## - INTERNATIONAL STANDARD BOOK NUMBER | |
| International Standard Book Number | 9719195576 |
| 040 ## - CATALOGING SOURCE | |
| Original cataloging agency | DLC |
| Transcribing agency | DLC |
| Modifying agency | DLC |
| 042 ## - AUTHENTICATION CODE | |
| Authentication code | lcode |
| 043 ## - GEOGRAPHIC AREA CODE | |
| Geographic area code | a-ph--- |
| 050 00 - LIBRARY OF CONGRESS CALL NUMBER | |
| Classification number | P96.C762 |
| Item number | . P53 2004 |
| 082 00 - DEWEY DECIMAL CLASSIFICATION NUMBER | |
| Classification number | 302.2309599 |
| -- | 22 |
| 245 00 - TITLE STATEMENT | |
| Title | Citizen's media monitor a report on the campaign and elections coverage in the Philippines, 2004. |
| 246 30 - VARYING FORM OF TITLE | |
| Title proper/short title | Report on the campaign and elections coverage in the Philippines, 2004. |
| 260 ## - PUBLICATION, DISTRIBUTION, ETC. (IMPRINT) | |
| Place of publication, distribution, etc | [Makati City] : |
| Name of publisher, distributor, etc | Center for Media Freedom & Responsibility, |
| Date of publication, distribution, etc | c2004. |
| 300 ## - PHYSICAL DESCRIPTION | |
| Extent | 199 p. : |
| Other physical details | ill. (some col.) ; |
| Dimensions | 27 cm. |
| 521 ## - TARGET AUDIENCE NOTE | |
| Target audience note | |
| 526 ## - STUDY PROGRAM INFORMATION NOTE | |
| Reading level | 1210L-1700L |
| 541 ## - IMMEDIATE SOURCE OF ACQUISITION NOTE | |
| -- | 1 |
| 541 ## - IMMEDIATE SOURCE OF ACQUISITION NOTE | |
| -- | 2 |
| 541 ## - IMMEDIATE SOURCE OF ACQUISITION NOTE | |
| -- | 3 |
| 541 ## - IMMEDIATE SOURCE OF ACQUISITION NOTE | |
| -- | 4 |
| 541 ## - IMMEDIATE SOURCE OF ACQUISITION NOTE | |
| -- | 5 |
| 541 ## - IMMEDIATE SOURCE OF ACQUISITION NOTE | |
| -- | 6 |
| 562 ## - COPY AND VERSION IDENTIFICATION NOTE | |
| Number of copies | for circulation. 6 copies available in the collection |
| 650 #0 - SUBJECT ADDED ENTRY--TOPICAL TERM | |
| Topical term or geographic name as entry element | Mass media criticism |
| Geographic subdivision | Philippines |
| General subdivision | Citizen participation. |
| 710 2# - ADDED ENTRY--CORPORATE NAME | |
| Corporate name or jurisdiction name as entry element | Center for Media Freedom and Responsibility (Philippines) |
| 906 ## - LOCAL DATA ELEMENT F, LDF (RLIN) | |
| a | 7 |
| b | cbc |
| c | origode |
| d | 3 |
| e | ncip |
| f | 20 |
| g | y-gencatlg |
| 942 ## - ADDED ENTRY ELEMENTS (KOHA) | |
| Source of classification or shelving scheme | Library of Congress Classification |
| Koha item type | Books |
| Call number prefix | Filipininana |
| Withdrawn status | Lost status | Source of classification or shelving scheme | Damaged status | Home library | Current library | Shelving location | Date acquired | Source of acquisition | Total Checkouts | Full call number | Barcode | Date last seen | Date checked out | Copy number | Price effective from | Koha item type |
|---|---|---|---|---|---|---|---|---|---|---|---|---|---|---|---|---|
| Library of Congress Classification | Archives | Archives | 11/13/2013 | Donation | 1 | PN 4700 .C581 2004 | C8540 | 05/15/2018 | 09/04/2015 | 1 | 10/10/2013 | Books | ||||
| Library of Congress Classification | Archives | Archives | 11/13/2013 | Donation | 1 | PN 4700 .C581 2004 | C8538 | 05/15/2018 | 09/04/2015 | 3 | 11/13/2013 | Books | ||||
| Library of Congress Classification | Archives | Archives | 11/13/2013 | Donation | PN 4700 .C581 2004 | C8539 | 05/15/2018 | 4 | 11/13/2013 | Books | ||||||
| Library of Congress Classification | Archives | Archives | 11/13/2013 | Donation | PN 4700 .C581 2004 | C6361 | 05/15/2018 | 5 | 11/13/2013 | Books | ||||||
| Library of Congress Classification | College Library | College Library | General Circulation Section | 11/13/2013 | PN 4700 .C581 2004 | C6360 | 05/15/2018 | 2 | 11/13/2013 | Books | ||||||
| Library of Congress Classification | College Library | College Library | General Circulation Section | 11/13/2013 | PN 4700 .C581 2004 | C6359 | 05/15/2018 | 6 | 11/13/2013 | Books |